| 000 | 00619cam a2200229 4500 | ||
|---|---|---|---|
| 001 | M83405 | ||
| 008 | 090401t1997 xxu||||| |||| 00| 0 eng d | ||
| 035 | _a(Sirsi) u77783 | ||
| 041 | _aeng | ||
| 050 | _a333.0076 | ||
| 110 |
_aRoyal Institution of Chartered Surveyors _94900 |
||
| 245 | _aAssessment of professional competence : assessors guide. | ||
| 260 |
_aLondon _bRICS _c1997 |
||
| 300 | _a13p. ; 30cm. | ||
| 350 | _a0 | ||
| 650 |
_aAPC _96216 |
||
| 650 |
_aAPC _96216 |
||
| 650 | _aASSESSORS GUIDE | ||
| 690 | _aMANAGEMENT-BUSINESS MANAGEMENT-PROFESSIONAL PRACTICE | ||
| 942 | _n0 | ||
| 948 | _c17/04/1997 | ||
| 999 |
_c96351 _d96351 |
||